Autoclaved aerated concrete (Record no. 107875)
[ view plain ]
| 000 -LEADER | |
|---|---|
| fixed length control field | 01119cam a22002535a 4500 |
| 001 - CONTROL NUMBER | |
| control field | L142392 |
| 008 - FIXED-LENGTH DATA ELEMENTS--GENERAL INFORMATION | |
| fixed length control field | 080211s2005 xxka f 000 0 eng d |
| 020 ## - INTERNATIONAL STANDARD BOOK NUMBER | |
| International Standard Book Number | 0415383579 |
| 035 ## - SYSTEM CONTROL NUMBER | |
| System control number | (Sirsi) u142392 |
| 041 0# - LANGUAGE CODE | |
| Language code of text/sound track or separate title | eng |
| 050 04 - LIBRARY OF CONGRESS CALL NUMBER | |
| Classification number | 691.3 $2 18 |
| 111 2# - MAIN ENTRY--MEETING NAME | |
| Meeting name or jurisdiction name as entry element | International Conference on Autoclaved Aerated Concrete |
| Location of meeting | Kingston University, London |
| Date of meeting or treaty signing | 8-9 September 2005 |
| 245 00 - TITLE STATEMENT | |
| Title | Autoclaved aerated concrete |
| Remainder of title | innovation and development |
| 260 ## - PUBLICATION, DISTRIBUTION, ETC. | |
| Place of publication, distribution, etc. | London |
| Name of publisher, distributor, etc. | Taylor & Francis |
| Date of publication, distribution, etc. | 2005 |
| 300 ## - PHYSICAL DESCRIPTION | |
| Extent | xvii, 539p. |
| Other physical details | ill. |
| Dimensions | 26cm. |
| 505 2# - FORMATTED CONTENTS NOTE | |
| Formatted contents note | Raw materials and production -- Product properties and performance -- Codes, standards and regulations -- Design and performance -- Developments in construction techniques -- Environment and building performance aspects |
| 520 ## - SUMMARY, ETC. | |
| Summary, etc. | The proceedings of the 4th International Conference on Autoclaved Aerated Concrete. |
| 521 2# - TARGET AUDIENCE NOTE | |
| Target audience note | Expert |
| 651 #4 - SUBJECT ADDED ENTRY--GEOGRAPHIC NAME | |
| Geographic name | United Kingdom |
| Chronological subdivision | |
| 690 ## - LOCAL SUBJECT ADDED ENTRY--TOPICAL TERM (OCLC, RLIN) | |
| Topical term or geographic name as entry element | BUILT ENVIRONMENT-BUILDING MATERIALS-CEMENTITIOUS, CONCRETE AND MINERAL BOUND MATERIALS |
| 700 1# - ADDED ENTRY--PERSONAL NAME | |
| Personal name | Limbachiya, Mukesh C. |
| Relator term | Editor |
| 700 1# - ADDED ENTRY--PERSONAL NAME | |
| Personal name | Roberts, John J. |
| Relator term | Editor |
| 942 ## - ADDED ENTRY ELEMENTS (KOHA) | |
| Suppress in OPAC | 0 |
| Withdrawn status | Lost status | Source of classification or shelving scheme | Damaged status | Not for loan | Home library | Current library | Shelving location | Date acquired | Total Checkouts | Full call number | Barcode | Date last seen | Copy number | Price effective from | Koha item type |
|---|---|---|---|---|---|---|---|---|---|---|---|---|---|---|---|
| Dewey Decimal Classification | London | London | Books | 11/02/2008 | 691.3 AUT | 30072601 | 06/08/2019 | 1 | 06/08/2019 | Book |